Le tour de Gaule d'Astérix / (Record no. 13009)
[ view plain ]
| 000 -LEADER | |
|---|---|
| fixed length control field | 00418nam a22001577a 4500 |
| 020 ## - INTERNATIONAL STANDARD BOOK NUMBER | |
| ISBN | 2205001469 |
| 040 ## - CATALOGING SOURCE | |
| Transcribing agency | DLC |
| 082 ## - DEWEY DECIMAL CLASSIFICATION NUMBER | |
| Classification number | 741 DAR 1985 A085 Or. |
| 100 1# - MAIN ENTRY--AUTHOR NAME | |
| Personal name | Goscinny, |
| 245 13 - TITLE STATEMENT | |
| Title | Le tour de Gaule d'Astérix / |
| 260 ## - PUBLICATION, DISTRIBUTION, ETC. (IMPRINT) | |
| Place of publication | Paris ; |
| -- | New York : |
| Name of publisher | Dargaud, |
| Year of publication | 1985 printing, c1965. |
| 300 ## - PHYSICAL DESCRIPTION | |
| Number of Pages | 48 p. : |
| Other physical details | chiefly col. ill. ; |
| Dimensions | 30 cm. |
| 490 1# - SERIES STATEMENT | |
| Series statement | Une Aventure d'Astérix, |
| 700 1# - ADDED ENTRY--PERSONAL NAME | |
| Personal name | Uderzo. |
| 942 ## - ADDED ENTRY ELEMENTS (KOHA) | |
| Koha item type | សៀវភៅភាសាអង់គ្លេស |
| 952 ## - LOCATION AND ITEM INFORMATION (KOHA) | |
| Withdrawn status [LOCAL, KOHA] | 0 |
| Permanent Location | Date acquired | Koha item type | Lost status | Shelving location | Barcode | Current Location | Full call number |
|---|---|---|---|---|---|---|---|
| Library Block A | 2017-08-19 | សៀវភៅភាសាអង់គ្លេស | A085 | A17480 | Library Block A | 741 DAR 1985 A085 Or. |